Manuel Pacho (Registro nro. 67979)
[ vista simple ]
| 000 -LÍDER | |
|---|---|
| Campo fijo de descripción fija | 02393nam a2200193 i 4500 |
| 001 - NÚMERO DE CONTROL | |
| Campo de control | 768714001 |
| 003 - IDENTIFICADOR DEL NÚMERO DE CONTROL | |
| Campo de control | CO-MdFUSB |
| 005 - FECHA Y HORA DE LA ULTIMA TRANSACCIÓN | |
| control field | 20220722152233.0 |
| 008 - ELEMENTOS DE LONGITUD FIJA -- INFORMACIÓN GENERAL | |
| Campo fijo de descripción fija -- Información general | 220722t1984 ck |||| |||| 00| 0 spa d |
| 040 ## - FUENTE DE CATALOGACIÓN | |
| Idioma de catalogación | por |
| Agencia que realiza la transcripción | CO-MdFUSB |
| Agencia que realiza la modificación | CO-MdFUSB |
| 041 ## - CÓDIGO DE IDIOMA | |
| Código de idioma para texto/pista de sonido o título separado | spa |
| 100 ## - ASIENTO PRINCIPAL--NOMBRE PERSONAL | |
| Nombre personal | Caballero Calderón, Eduardo, |
| Término relacionador | autor |
| 245 ## - TÍTULO | |
| Título | Manuel Pacho |
| Mención de responsabilidad | / Eduardo Caballero Calderón |
| 300 ## - DESCRIPCIÓN FÍSICA | |
| Extensión | Volumen 7, (1984) páginas 404-487 ; |
| Dimensiones | 22 cm |
| 520 ## - NOTA DE RESUMEN, ETC. | |
| Nota de sumario, etc. | La novela Manuel Pacho, de Eduardo Caballero Calderón, una de las principales figuras de nuestra literatura colombiana, podemos enmarcarla en la categoría de "novela de la violencia".<br/><br/>Manuel Pacho, su protagonista, personifica al testigo mudo e impotente ante las salvajadas que los viles gobiernos han acometido y cometen en todos los rincones de Colombia. Él, parapetado, en un árbol de mango, observa cómo su parentela y toda su riqueza se esfuma entre las llamas y el asesinato de sus parientes. Solo permanece a su lado el cuerpo muerto de su padre, para quien busca imponer los santos sacramentos de un sacerdote que se encuentra por allá en la distante lejanía de su posada. El día de la mortandad, su padre esperaba a unos comerciantes de ganado, que venían de Sogamoso; empero, surgen unos insólitos personajes que irrumpen en el hato. Los hombres, armados, devastan todo a su paso, asesinan a las señoras, a los jornaleros y a la progenitora de Manuel Pacho; su viejo acaba delicadamente herido, moribundo.<br/><br/>Manuel Pacho, hijo del dueño del hato de ‘La Vuelta del Cura’, un liberal renombrado, se encarama en una mata de mango para salvar su vida de la masacre que según las gentes del vecindario la ejecutan los chulavitas godos. El miedo y la impotencia hacen que se orine en los pantalones mientras observa cómo se incendia el rancho de sus mayores y mientras ve balancear los cuerpos muertos de su parentela antes de ser arrojados al río. Como su padre seguía los preceptos de la ley cristiana debe darle sepultura a su padre con los ritos católicos, y para ello, envuelve el cadáver del viejo en un chinchorro y lo lleva sobre su espalda desde la vuelta del cura hasta el municipio de Orocué, porque allí si había iglesia y cura. |
| 650 #7 - ASIENTO SECUNDARIO DE MATERIA - TERMINO TEMÁTICO | |
| 9 (RLIN) | 2518 |
| Término temático o nombre geográfico como elemento de entrada | Literatura colombiana |
| 773 0# - ASIENTO DE ITEM FUENTE | |
| Biblionumber | 67924 |
| Itemnumber | 81146 |
| Asiento principal | Oveja Negra, |
| Otro identificador del ítem | 24696 |
| Título | Maestros de la literatura universal |
| Número de control del registro | (CO-MdFUSB)768714001 |
| International Standard Book Number | 8482806718 |
| 942 ## - TIPO DE MATERIAL (KOHA) | |
| Tipo de Item KOHA | Libros General |
No hay ítems disponibles.
